000 00572nam a2200229Ia 4500
003 OSt
005 20220928103630.0
006 a|||||r|||| 00| 0
007 ta
008 220927b |||||||| |||| 00| 0 eng d
024 _a121563
037 _cTextual
040 _aSDCL
_cSDCL
_beng
041 _2eng
_aeng
082 _aN2, L8
100 _arai Niharranjan
_9405947
245 0 _aBhartia kal ka adhyayan
260 _aDelhi
_bMacmillan
_c1978
300 _a232p
_ccm.
942 _hN2, L8
_cTEXL
_2CC
999 _c721553
_d721553